000 00569cam a2200181 4500500
005 20260329002736.0
041 _afre
042 _adc
100 1 0 _aDuru, Martin
_eauthor
245 0 0 _aL’esprit de la peinture : Hommage aux maitres flamands
260 _c2013.
500 _a20
690 _aCalligraphie
690 _aFabienne Verdier
690 _aPeinture
786 0 _nPhilosophie magazine | 71 | 7 | 2013-07-01 | p. 66-66 | 1951-1787
856 4 1 _uhttps://shs.cairn.info/magazine-philosophie-magazine-2013-6-page-66?lang=fr&redirect-ssocas=7080
999 _c1817958
_d1817958